| Tag |
First Indicator |
Second Indicator |
Subfields |
| LEADER |
00000ccm a2200000Ma 4500 |
| 001 |
in00002425009 |
| 005 |
20151109170055.0 |
| 008 |
840803s1974 au opb n ger d |
| 028 |
2 |
0 |
|a U.E. 5670
|b Universal Edition
|
| 028 |
3 |
0 |
|a U.E. 13613
|b Universal Edition
|
| 035 |
|
|
|a (OCoLC)ocm80102339
|
| 035 |
|
|
|a (OCoLC)80102339
|
| 040 |
|
|
|a CoFS
|c BNG
|d OCLCG
|d UtOrBLW
|
| 045 |
|
|
|a x1x1
|
| 049 |
|
|
|a TXAM
|
| 090 |
|
|
|a M1500.S283
|b G58 1974
|
| 100 |
1 |
|
|a Schoenberg, Arnold,
|d 1874-1951.
|
| 240 |
1 |
0 |
|a Glèuckliche Hand
|
| 245 |
1 |
4 |
|a Die glèuckliche Hand :
|b Drama mit Musik : Partitur /
|c Schoenberg.
|
| 264 |
|
1 |
|a [Austria?] :
|b Universal Edition ;
|c [1974?]
|
| 264 |
|
2 |
|a Los Angeles :
|b [distributed by] Belmont Music Publishers,
|
| 264 |
|
4 |
|c ©1917
|
| 300 |
|
|
|a 1 miniature score (61 pages) ;
|c 24 cm.
|
| 336 |
|
|
|a notated music
|b ntm
|2 rdacontent
|
| 337 |
|
|
|a unmediated
|b n
|2 rdamedia
|
| 338 |
|
|
|a volume
|b nc
|2 rdacarrier
|
| 500 |
|
|
|a Text by the composer.
|
| 650 |
|
0 |
|a Operas
|v Scores.
|
| 948 |
|
|
|a cataloged
|b h
|c 2008/11/19
|d c
|e bhartsfi
|f 1:11:31 pm
|
| 994 |
|
|
|a C0
|b TXA
|
| 999 |
|
|
|a MARS
|
| 999 |
f |
f |
|s e939d30a-884b-3516-b916-bf0cc4f6ff1d
|i 1f56e6e0-69c6-38c8-a2ae-cbe1d2fa5b0e
|t 0
|
| 952 |
f |
f |
|p ric
|a Texas A&M University
|b Rellis Campus
|c Joint Library Facility
|d Remote Storage
|t 0
|e M1500.S283 G58 1974
|h Library of Congress classification
|i unmediated -- volume
|m A14837529618
|
| 998 |
f |
f |
|a M1500.S283 G58 1974
|t 0
|l Remote Storage
|